000 00842nas1a22002411i 4500
001 RU\NLR\INFOCOMM\1000033233
005 20260407024222.0
035 _a(NLR Aleph) 002733027
090 _a1982238
_c1982238
100 _a20040127c2000 |||y0rusy50 ca
101 0 _arus
102 _aRU
110 _aayu||||0|y0
200 1 _aВестник ВГТРК
_eИнформ. бюл.
210 _aМ.
_cДепартамент телевидения и радиовещания ВГТРК
_d2000-
710 0 2 _aВсероссийская государственная телевизионная и радиовещательная компания
_3RU\NLR\AUTH\8810009811
_9517365
801 1 _aRU
_bInfoComm
_c20040127
801 0 _aRU
_bNLR
_gPSBO
852 _aNLR
_jП29/982
942 _cJOURNAL
980 _aRUSPER